00677nam a2200169 a 4500008004100000020001800041050001500059100002000074245006300094260004800157300002100205350001000226650002200236995010100258999001700359952013100376200720s1994 ||||||||||||||||| || u a9780521349949 aJC 233 Mar aO'Mally, Joseph10aMarx : Early political writings cEdited by Joseph O'Mally aCambridgebCambridge University Pressc1994 axxxiv,194 pages  a28.03 0aPOLITICAL SCIENCE FCBU-MAIN LIBRARY (Kitwe)I28.03M1UAVAILABLEWJul 20, 2020ZMain Library Open Access Collection c50547d50547 00102lcc4070a001b001cMain Library Open Access Collectiond2022-11-30l0oJC 233 Marp750261r2022-11-30w2022-11-30y002